[Event "13th European Seniors"]
[Site "Plovdiv BUL"]
[Date "2013.03.13"]
[Round "3"]
[White "Grinberg,I"]
[Black "Cernea,R"]
[Result "1/2-1/2"]
[WhiteElo "2165"]
[BlackElo "2001"]

1.d4 Nf6 2.c4 g6 3.Nc3 Bg7 4.e4 d6 5.Nf3 O-O 6.Be2 e5 7.O-O Nc6 8.dxe5 Nxe5
9.Nxe5 dxe5 10.Be3 Be6 11.Qb3 b6 12.Rfd1 Qe7 13.f3 c6 14.a4 Nd7 15.Qa3 Qxa3
16.Rxa3 Rfd8 17.Raa1 Bf8 18.a5 Be7 19.Nd5 cxd5 20.cxd5 Nc5 21.b4 Nb3 22.Rab1 Bd7
23.Rxb3 Ba4 24.Rdb1 Bxb3 25.Rxb3 Rab8 26.a6 Rdc8 27.Bb5 Rc2 28.Bc6 Bd6 29.b5 Kf8
30.Bb7 Bc5 31.Bxc5+ Rxc5 32.Bc6 Rd8 33.Rb2 Ke7 34.Kf2 f5 35.f4 fxe4 36.fxe5 Rdxd5
37.Bxd5 Rxd5 38.Ke3 Rxe5 39.Rc2 Kd6 40.Rc6+ Kd7 41.Rf6 Rxb5 42.Rf7+ Kc6 43.Rxh7 Ra5
44.Rxa7 Kd5 45.Rg7 Rxa6 46.Rxg6 Ra3+ 47.Kf4 Ra2 48.h4 b5 49.g4 Rf2+ 50.Ke3 Rf3+
51.Ke2 b4 52.h5 b3 53.h6 b2 54.Rb6 Rh3 55.g5 Kd4 56.Rb4+ Ke5 57.Kd1 Kf5 58.Rb5+ Kg6
59.Rxb2 Kxg5 60.Rg2+ Kxh6 61.Ke2  1/2-1/2

[Event "Karpos Open 2013"]
[Site "Skopje MKD"]
[Date "2013.03.15"]
[Round "8.24"]
[White "Jankovic,A"]
[Black "Nenezic,M"]
[Result "1/2-1/2"]
[WhiteElo "2538"]
[BlackElo "2394"]

1.d4 Nf6 2.c4 g6 3.Nc3 Bg7 4.e4 d6 5.Nf3 O-O 6.Be2 e5 7.O-O Nc6 8.d5 Ne7
9.b4 Nh5 10.g3 f5 11.Ng5 Nf6 12.Bf3 c6 13.Bg2 cxd5 14.cxd5 h6 15.Ne6 Bxe6
16.dxe6 fxe4 17.b5 d5 18.Ba3 Nf5 19.e7 Nxe7 20.Bxe7 Qxe7 21.Nxd5 Qd6 22.Nxf6+ Qxf6
23.Bxe4 Rab8 24.Qc2 g5 25.Rfd1 Qe7 26.Bd5+ Kh8 27.Qe4 Rfd8 28.Bb3 Bf6 29.Rxd8+ Rxd8
30.Rc1 Kg7 31.Bc2 Kf8 32.Qg6 Qg7 33.Qf5 Qe7 34.Be4 Qf7 35.Bxb7 Be7 36.Qxe5 Bf6
37.Qf5 Bd4 38.Be4 Qxf5 39.Bxf5 Rd5 40.Bd3 Bb6 41.Rd1 Ke7 42.Kf1 Rd4 43.Ke2 Ra4
44.Rd2 h5 45.Rb2 Kf6 46.Bc2 Rc4 47.Bd3 Ra4 48.Rc2 Rb4  1/2-1/2

[Event "TCh-CAT Div Hon 2013"]
[Site "Catalonia ESP"]
[Date "2013.03.16"]
[Round "9.10"]
[White "Delisau Gil,O"]
[Black "Mateu Guiu,E"]
[Result "0-1"]
[WhiteElo "2089"]
[BlackElo "2024"]

1.d4 Nf6 2.c4 g6 3.Nc3 Bg7 4.e4 d6 5.Nf3 O-O 6.Be2 e5 7.O-O Nc6 8.d5 Ne7
9.b4 Ne8 10.c5 f5 11.Nd2 Nf6 12.f3 f4 13.Nc4 h5 14.a4 g5 15.Ba3 Ng6 16.b5 dxc5
17.Bxc5 Rf7 18.a5 g4 19.b6 g3 20.bxc7 Rxc7 21.Bb4 Nh7 22.Bd3 Qh4 23.h3 Bxh3
24.gxh3 Qxh3 25.Ra2 Nh4 26.Rff2 gxf2+ 27.Rxf2 Bf6 28.Rh2 Nxf3+  0-1

[Event "Karpos Open 2013"]
[Site "Skopje MKD"]
[Date "2013.03.16"]
[Round "9.75"]
[White "Vidic,M SLO"]
[Black "Dizdarevic,B"]
[Result "1-0"]
[WhiteElo "2096"]
[BlackElo "1981"]

1.d4 Nf6 2.c4 g6 3.Nc3 Bg7 4.e4 d6 5.Nf3 O-O 6.Be2 e5 7.O-O Nc6 8.d5 Ne7
9.b4 Nh5 10.Re1 f5 11.Ng5 Nf6 12.f3 h6 13.Ne6 Bxe6 14.dxe6 g5 15.Be3 Kh8
16.b5 Qc8 17.Nd5 Nexd5 18.exd5 b6 19.a4 Qe8 20.Bd3 f4 21.Bf2 Qh5 22.h3 Rg8
23.a5 Qe8 24.Ra3 h5 25.Qc2 Bf8 26.Bf5 Be7 27.Kh1 Qf8 28.Bg6 Qh6 29.Bf7 Rgf8
30.Rea1 Rac8 31.axb6 axb6 32.Ra7 Bd8 33.R1a3 g4 34.Qf5 g3 35.Be1 Qh7 36.Bg6 Qh6
37.Qc2 Ng8 38.Be4 Qg5 39.Rb7 Ne7 40.Raa7 Kg7 41.Bc3 Kh6 42.Qb2 Nf5 43.c5 Ne3
44.cxd6 Nc4 45.d7 Rb8 46.Qb4  1-0

[Event "Karpos Open 2013"]
[Site "Skopje MKD"]
[Date "2013.03.16"]
[Round "9.24"]
[White "Mikhalevski,V"]
[Black "Nenezic,M"]
[Result "0-1"]
[WhiteElo "2548"]
[BlackElo "2394"]

1.d4 Nf6 2.c4 g6 3.Nc3 Bg7 4.e4 d6 5.Be2 O-O 6.Nf3 e5 7.O-O Nc6 8.d5 Ne7
9.b4 Nh5 10.Re1 f5 11.Ng5 Nf6 12.Bf3 c6 13.Be3 cxd5 14.cxd5 h6 15.Ne6 Bxe6
16.dxe6 fxe4 17.Nxe4 Nxe4 18.Bxe4 d5 19.Bc2 b6 20.Qg4 e4 21.Rad1 Qc7 22.Bb3 Rf5
23.b5 Kh7 24.Rc1 Qd6 25.Red1 Rd8 26.g3 Qxe6 27.Rc7 h5 28.Qh3 Rd7 29.Rxd7 Qxd7
30.Qh4 Rf7 31.Bf4 Rf5 32.Bg5 Re5 33.Bf4 Rf5 34.Rc1 Bf6 35.Qh3 Bd4 36.Qh4 Bc5
37.a4 Kg7 38.Rc2 d4 39.Re2 e3 40.fxe3 dxe3 41.Bc2 Qd4 42.Qh3 Nd5 43.Bxf5 gxf5
44.Qxh5 Nxf4 45.gxf4 Qxf4 46.Kg2 Kf6 47.Qh8+ Ke6 48.Qg8+ Ke5 49.Qg3 Ke4 50.Rb2 Bd4
51.Ra2 Bc3 52.Qg8 Qf3+ 53.Kg1 e2 54.Qe6+ Kd3 55.Rxe2 Bd4+  0-1

[Event "TCh-CZE Div1 Zapad 2012-13"]
[Site "Czech Republic CZE"]
[Date "2013.03.17"]
[Round "9.7"]
[White "Balacek,T"]
[Black "Boukal,P"]
[Result "1-0"]
[WhiteElo "2217"]
[BlackElo "2221"]

1.d4 Nf6 2.c4 g6 3.Nc3 Bg7 4.Nf3 O-O 5.e4 d6 6.Be2 e5 7.O-O Nc6 8.d5 Ne7
9.Ne1 Nd7 10.Nd3 f5 11.Bd2 Nf6 12.f3 f4 13.c5 g5 14.Rc1 Ng6 15.cxd6 cxd6
16.Nb5 Qb6+ 17.Nf2 Rf7 18.a4 a6 19.a5 Qd8 20.Na3 Bd7 21.Bb4 Bf8 22.Nc4 Be8
23.Qb3 Bb5 24.Rc2 Bxc4 25.Rxc4 Rc7 26.Rfc1 Rac8 27.Be1 Rxc4 28.Rxc4 Rxc4
29.Qxc4 Qd7 30.Bd1 Ne7 31.Ba4 Qd8 32.Nd3 Ng6 33.b4 g4 34.Bf2 gxf3 35.gxf3 Nh5
36.Kf1 Ng7 37.Ke2 Be7 38.Bb6 Qf8 39.Qc7 Ne8 40.Qxb7 Nf6 41.Nf2 Qh6 42.Qxa6 Qxh2
43.Qc8+ Kg7 44.Qh3 Qg1 45.Nd1 Qg5 46.a6 Nxd5 47.exd5 e4 48.Bd4+ Bf6 49.Bxf6+ Qxf6
50.a7 exf3+ 51.Kf1 Qe7 52.Qd7  1-0

[Event "3rd HD Bank Cup 2013"]
[Site "Ho Chi Minh City VIE"]
[Date "2013.03.20"]
[Round "3.8"]
[White "Nguyen Duc Hoa"]
[Black "Wang Jue"]
[Result "1-0"]
[WhiteElo "2492"]
[BlackElo "2390"]

1.d4 Nf6 2.c4 g6 3.Nc3 Bg7 4.e4 d6 5.Nf3 O-O 6.Be2 e5 7.O-O Nc6 8.d5 Ne7
9.b4 Nh5 10.g3 a5 11.Ba3 f5 12.Ng5 h6 13.Nf3 Nf6 14.exf5 gxf5 15.Nh4 e4 16.bxa5 Nd7
17.Bb4 Nc5 18.Qd2 f4 19.Bxc5 dxc5 20.Nxe4 Bh3 21.Nxc5 Qd6 22.Nxb7 Qa6 23.Rab1 fxg3
24.hxg3 Nf5 25.Nxf5 Rxf5 26.c5 Qg6 27.d6 Rxf2 28.Rxf2 Qxb1+ 29.Kh2 Qxb7 30.Bf3 c6
31.Kxh3 Rd8 32.Bg4 Qb1 33.Kh2 Qe4 34.Qf4 Qd5 35.d7 Qxc5 36.Qf7+ Kh8 37.Re2 Rf8
38.Re8 Qc2+ 39.Kh3  1-0

[Event "19th Schloss Open"]
[Site "Werther GER"]
[Date "2013.03.22"]
[Round "2.5"]
[White "Hilverda,A"]
[Black "Schmitz,Philipp"]
[Result "1/2-1/2"]
[WhiteElo "2321"]
[BlackElo "2136"]

1.d4 Nf6 2.c4 g6 3.Nc3 Bg7 4.e4 d6 5.Nf3 O-O 6.Be2 e5 7.O-O Nc6 8.d5 Ne7
9.b4 c6 10.dxc6 Nxc6 11.a3 Be6 12.Be3 Ng4 13.Bg5 f6 14.Bc1 Qd7 15.Bb2 f5
16.Ng5 Nd4 17.Nxe6 Nxe2+ 18.Qxe2 Qxe6 19.f3 Nf6 20.Rfd1 Rac8 21.exf5 gxf5
22.Nb5 Rfd8 23.Rac1 a6 24.Nd4 Qd7 25.Nb3 Qf7 26.Qd3 Qh5 27.h3 Bh6 28.Rc2 Bf4
29.Bc1 Bxc1 30.Rcxc1 Kh8 31.Qe3 Rg8 32.Rxd6 Qxh3 33.Qe2 Rxg2+ 34.Qxg2 Rg8
35.Rc2 Qxf3 36.Rxf6 Qd1+ 37.Kh2 Rxg2+ 38.Rxg2 Qh5+ 39.Kg1 Qd1+ 40.Kf2 Qc2+  1/2-1/2

[Event "Norwegian Open 2013"]
[Site "Fagernes NOR"]
[Date "2013.03.24"]
[Round "1"]
[White "Lindblom,R"]
[Black "Lie,Es"]
[Result "0-1"]
[WhiteElo "1884"]
[BlackElo "2471"]

1.d4 d6 2.c4 Nf6 3.Nf3 g6 4.Nc3 Bg7 5.e4 O-O 6.Be2 e5 7.O-O Nc6 8.d5 Ne7
9.Ne1 Nd7 10.f4 f5 11.fxe5 Nxe5 12.exf5 Nxf5 13.Nf3 Nxf3+ 14.Bxf3 Qh4 15.Qe1 Qxc4
16.Qe4 Bd4+ 17.Kh1 Qxf1+  0-1

[Event "ch-Moscow 2013"]
[Site "Moscow RUS"]
[Date "2013.03.25"]
[Round "4.10"]
[White "Gavrilov,Al1"]
[Black "Turutin,A"]
[Result "1/2-1/2"]
[WhiteElo "2474"]
[BlackElo "2404"]

1.d4 Nf6 2.Nf3 g6 3.c4 Bg7 4.Nc3 O-O 5.e4 d6 6.Be2 e5 7.O-O Nc6 8.d5 Ne7
9.Ne1 Nd7 10.Nd3 f5 11.Bd2 Kh8 12.Rc1 c5 13.Rb1 b6 14.b4 cxb4 15.Rxb4 Ng8
16.a4 Ngf6 17.f3 Nc5 18.Nxc5 bxc5 19.Rb3 Nh5 20.g3 Bf6 21.exf5 gxf5 22.f4 Ng7
23.fxe5 Bxe5 24.Bf4 Bd4+ 25.Kg2 a6 26.Bf3 Ne8 27.Ne2 Bg7 28.Qd2 Qd7 29.Bh6 Qxa4
30.Bxg7+ Nxg7 31.Qc3 Ra7 32.Nf4 Kg8 33.Rb6 Qd7 34.Ne6 Nxe6 35.dxe6 Qg7 36.Qxg7+ Kxg7
37.Rxd6 a5 38.Ra1 Re8 39.Bd5 a4 40.Ra3 Kf6 41.Kf2 Bxe6 42.Re3 Rae7 43.Bc6 Rb8
44.Bxa4 Rb2+ 45.Kf3 Kf7 46.Bb5 Rxh2 47.Re5 Bc8 48.Rxc5 Bb7+ 49.Bc6 Rc7 50.Bd5+ Bxd5+
51.Rdxd5 Rxc5 52.Rxc5 Ke6 53.Kf4 Rf2+ 54.Ke3 Rg2 55.Kf3  1/2-1/2

[Event "O2C Doeberl Cup Premier 2013"]
[Site "Canberra AUS"]
[Date "2013.03.28"]
[Round "1.5"]
[White "Liu,Yi"]
[Black "Zhao Zong Yuan"]
[Result "0-1"]
[WhiteElo "2158"]
[BlackElo "2537"]

1.d4 Nf6 2.c4 g6 3.Nc3 Bg7 4.e4 d6 5.Be2 O-O 6.Nf3 e5 7.O-O Nc6 8.d5 Ne7
9.Ne1 Nd7 10.Nd3 f5 11.Bd2 Nf6 12.f3 f4 13.c5 g5 14.Rc1 Ng6 15.Nb5 Rf7 16.Ba5 b6
17.cxb6 cxb6 18.Be1 a6 19.Nc3 a5 20.Nb5 Bf8 21.Rc6 Bb7 22.Bf2 Bxc6 23.dxc6 d5
24.c7 Qd7 25.Qc2 g4 26.Rc1 gxf3 27.gxf3 dxe4 28.fxe4 f3 29.Bxf3 Qxb5 30.a4 Qd7
31.c8=Q Rxc8 32.Qxc8 Qxd3 33.Qc3 Nf4 34.Bxb6 Ne2+ 35.Bxe2 Qxe2  0-1

[Event "Pobeskydi Open 2013"]
[Site "Frydek-Mistek CZE"]
[Date "2013.03.28"]
[Round "1"]
[White "Rastropin,Yuriy"]
[Black "Bacak Ml.,P"]
[Result "1/2-1/2"]
[WhiteElo "1878"]
[BlackElo "2018"]

1.d4 Nf6 2.Nf3 g6 3.c4 Bg7 4.Nc3 d6 5.e4 O-O 6.Be2 e5 7.O-O Nc6 8.d5 Ne7
9.b4 Nh5 10.Re1 f5 11.Ng5 Nf6 12.f3 c6 13.Qb3 cxd5 14.cxd5 fxe4 15.Ngxe4 Nf5
16.Bf1 Qb6+ 17.Kh1 Nd4 18.Qb2 Nf5 19.a4 a5 20.bxa5 Qxa5 21.Bd2 Qd8 22.Bc4 Kh8
23.Nb5 Nxe4 24.fxe4 Nd4 25.Bb4 Nxb5 26.Bxb5 Rf4 27.Bd2 Rf8 28.Be3  1/2-1/2

[Event "IX Lubuska Wiosna Op"]
[Site "Gorzow POL"]
[Date "2013.03.28"]
[Round "4"]
[White "Klim,K"]
[Black "Wisniowska,K"]
[Result "0-1"]
[WhiteElo "2379"]
[BlackElo "2187"]

1.d4 Nf6 2.c4 g6 3.Nc3 Bg7 4.e4 d6 5.Nf3 O-O 6.Be2 e5 7.O-O Nc6 8.d5 Ne7
9.Ne1 Nd7 10.Be3 f5 11.f3 f4 12.Bf2 g5 13.a4 a5 14.Nd3 b6 15.Nb5 h5 16.b4 axb4
17.Nxb4 Nf6 18.a5 Rxa5 19.Rxa5 bxa5 20.Nc2 g4 21.Qd2 Ng6 22.Qxa5 g3 23.Ba7 Nxd5
24.cxd5 Qh4 25.h3 Bxh3 26.Rc1 Bxg2 27.Kxg2 Qh2+ 28.Kf1 Qh1+ 29.Bg1 Nh4 30.Qc3 Qg2+
31.Ke1 Qxg1+ 32.Kd2 Qh2 33.Kd3 Rb8 34.Nca3 Qf2 35.Qe1 Qe3+ 36.Kc2 Nxf3 37.Bxf3 Qxf3
38.Nc3 h4 39.Nc4 h3 40.Nd2 Qg4 41.Qf1 g2 42.Qf3 g1=Q 43.Rxg1 Qxg1 44.Qxh3 Qg3
45.Qe6+ Kh8 46.Qf7 Rf8 47.Qh5+ Kg8 48.Nf3 Qg2+ 49.Kd3 Bf6 50.Nd2 Kg7 51.Nb5 Rh8
52.Qf5 Qh3+ 53.Qxh3 Rxh3+ 54.Ke2 Re3+ 55.Kf1 Bh4 56.Nxc7 f3  0-1

[Event "HEM Master Open 2013"]
[Site "Korbach GER"]
[Date "2013.03.28"]
[Round "2.4"]
[White "Alber,H"]
[Black "Penzel,N"]
[Result "1/2-1/2"]
[WhiteElo "2336"]
[BlackElo "2125"]

1.d4 Nf6 2.c4 g6 3.Nc3 Bg7 4.e4 d6 5.Nf3 O-O 6.Be2 e5 7.O-O Nc6 8.d5 Ne7
9.b4 Nh5 10.Re1 f5 11.Ng5 Nf6 12.f3 c6 13.b5 h6 14.Ne6 Bxe6 15.dxe6 Qb6+
16.Kh1 Rad8 17.Rb1 fxe4 18.bxc6 Qxc6 19.fxe4 Nxe4 20.Nxe4 Qxe4 21.Rb3 Rf2
22.Rg3 Rf6 23.Bd3 Qc6 24.Qg4 Qc8 25.Qh4 Qxe6 26.Bxh6 Bxh6 27.Qxh6 Rdf8  1/2-1/2

[Event "36th San Sebastian Open"]
[Site "Donostia ESP"]
[Date "2013.03.29"]
[Round "8.27"]
[White "Darrigues,A"]
[Black "Izagirre Alsua,A"]
[Result "1/2-1/2"]
[WhiteElo "1991"]
[BlackElo "1850"]

1.d4 g6 2.c4 Nf6 3.Nc3 d6 4.e4 Bg7 5.Be2 O-O 6.Nf3 e5 7.O-O Nc6 8.d5 Ne7
9.Ne1 Nd7 10.Nd3 f5 11.f3 f4 12.Bd2 Nf6 13.Rc1 g5 14.c5 h5 15.cxd6 cxd6 16.Qb3 Kh8
17.Nb5 Ne8 18.Qc2 Qb6+ 19.Nf2 Bd7 20.a4 a6 21.a5 Qd8 22.Na3 Nc8 23.Qb3 Ra7
24.Rc2 Rf6 25.Rfc1 Rg6 26.h3 Bf6 27.Be1 b5 28.axb6 Qxb6 29.Qxb6 Nxb6 30.Ba5 Bd8
31.b4 Rg7 32.Kf1 Ra8 33.Nc4 Nxc4 34.Bxc4 Bxa5 35.bxa5 Nc7 36.Rb2 Nb5 37.Be2 Ra7
38.Nd3 Nd4 39.Nb4 Nxe2 40.Kxe2 Rb7 41.Kf2 g4 42.hxg4 hxg4 43.fxg4 Rxg4 44.Nd3 Bb5
45.Rh1+ Kg8 46.Rh6 Rbg7 47.Ne1 R7g6 48.Rxg6+ Rxg6 49.Rc2 Rg3 50.Nf3 Bd3 51.Rc6 Bxe4
52.Rxd6 Kf8 53.Re6 Bxd5 54.Rxe5 Bxf3 55.gxf3 Rh3 56.Rf5+ Ke7 57.Rxf4 Rh5
58.Ra4 Rb5 59.Ke3 Ke6 60.f4 Kf5 61.Kf3 Rb3+ 62.Kf2 Rb2+ 63.Ke3 Rb3+ 64.Kd2 Rf3  1/2-1/2

[Event "17th Neckar Open"]
[Site "Deizisau GER"]
[Date "2013.03.31"]
[Round "7.4"]
[White "Heimann,An"]
[Black "Nisipeanu,LD"]
[Result "0-1"]
[WhiteElo "2488"]
[BlackElo "2677"]

1.d4 Nf6 2.c4 g6 3.Nc3 Bg7 4.e4 O-O 5.Nf3 d6 6.Be2 e5 7.O-O Nc6 8.d5 Ne7
9.Ne1 Ne8 10.Be3 f5 11.f3 f4 12.Bf2 Rf6 13.c5 g5 14.Rc1 dxc5 15.Bxc5 a6 16.Nd3 Rh6
17.Bf2 b6 18.Qc2 Nd6 19.Kh1 Qe8 20.Bg1 Bd7 21.Nf2 Kh8 22.Rfd1 Ng8 23.Nb1 Ra7
24.Nd2 Nf6 25.Ng4 Bxg4 26.fxg4 Qd7 27.h3 Nxg4 28.Qc6 Qxc6 29.Rxc6 Ne3 30.Rdc1 g4
31.Rxc7 Rxc7 32.Rxc7 gxh3 33.Bxe3 fxe3 34.Nf1 Rf6 35.Nxe3 Nxe4 36.Rc8+ Bf8
37.Ng4 Rf4 38.Kh2 hxg2 39.Kxg2 Kg8 40.Rc4 Bg7 41.Bf3 Rxf3 42.Rxe4 Rd3 43.Nxe5 Rxd5
44.Nf3 Bxb2 45.Rb4 Rb5 46.Rxb5 axb5 47.Ng5 Bf6 48.Ne6 Be7 49.Nc7 b4 50.Kf3 Kf7
51.Ke4 Bc5 52.Kf5 Ke7 53.Nd5+ Kd6 54.Nf6 h6 55.Ke4 Kc6  0-1

[Event "17th Neckar Open"]
[Site "Deizisau GER"]
[Date "2013.03.31"]
[Round "7.15"]
[White "Schlecht,D"]
[Black "Solleveld,Maa"]
[Result "1/2-1/2"]
[WhiteElo "2373"]
[BlackElo "2519"]

1.d4 Nf6 2.c4 g6 3.Nc3 Bg7 4.e4 d6 5.Nf3 O-O 6.Be2 e5 7.O-O Nc6 8.d5 Ne7
9.Nd2 a5 10.a3 Bd7 11.b3 Ne8 12.Rb1 f5 13.b4 axb4 14.axb4 Nf6 15.c5 fxe4
16.Ndxe4 Nf5 17.Bc4 Nd4 18.Be3 Kh8 19.f3 Bf5 20.Kh1 Qe7 21.Bd3 dxc5 22.Nxc5 b6
23.N5e4 Ng8 24.Qc1 Qd8 25.Nb5  1/2-1/2

[Event "Pobeskydi Open 2013"]
[Site "Frydek-Mistek CZE"]
[Date "2013.03.31"]
[Round "8"]
[White "Rastropin,Yuriy"]
[Black "Kubik,M"]
[Result "0-1"]
[WhiteElo "1878"]
[BlackElo "2152"]

1.d4 Nf6 2.Nf3 g6 3.c4 Bg7 4.Nc3 O-O 5.e4 d6 6.Be2 e5 7.O-O Nc6 8.d5 Ne7
9.b4 Ne8 10.Re1 f5 11.Ng5 h6 12.Ne6 Bxe6 13.dxe6 Qc8 14.Nd5 Qxe6 15.Nxe7+ Qxe7
16.Qd5+ Qf7 17.Qxb7 Nf6 18.exf5 gxf5 19.Be3 a5 20.b5 Nh7 21.Rac1 Kh8 22.Red1 f4
23.Bd2 Ng5 24.Bf3 Qg6 25.Re1 d5 26.Bxd5 Rad8 27.Kh1 e4 28.Bc3 Bxc3 29.Rxc3 f3
30.Qxc7 fxg2+ 31.Kg1 Qf6 32.Ree3 Qxf2+  0-1

[Event "e2e4 Dublin Masters"]
[Site "Dublin IRL"]
[Date "2013.04.01"]
[Round "8"]
[White "Courtney,John"]
[Black "Kalaiyalahan,Akshaya"]
[Result "1-0"]
[WhiteElo "2005"]
[BlackElo "1815"]

1.d4 Nf6 2.c4 g6 3.Nc3 Bg7 4.e4 d6 5.Nf3 O-O 6.Be2 e5 7.O-O Nc6 8.d5 Ne7
9.Ne1 Nd7 10.f3 f5 11.Be3 f4 12.Bf2 g5 13.Nd3 b6 14.b4 h5 15.c5 Nf6 16.Rc1 Bd7
17.cxd6 cxd6 18.b5 Qe8 19.Nb4 Qg6 20.Nc6 Kf7 21.a4 g4 22.Bh4 Rfe8 23.a5 bxa5
24.Ra1 gxf3 25.Bxf3 Bg4 26.Rxa5 Bh6 27.Rxa7 Rxa7 28.Nxa7 Rg8 29.Kh1 Bxf3
30.Qxf3 Nc8 31.Nc6 Ng4 32.Na4 Ne3 33.Rf2 Nxd5 34.exd5 e4 35.Qh3 Qg4 36.Qxg4 hxg4
37.b6 Nxb6 38.Nxb6 e3 39.Rc2 f3 40.gxf3 gxf3 41.Nd4 Rb8 42.Rc6 f2 43.Kg2 Rg8+
44.Bg3 Bf4 45.Ne2 Be5 46.Nc4 Rb8 47.Nxe5+ dxe5 48.Bxe5 Rb1 49.Rc1 Rb5 50.Rd1 Ke8
51.Bf4 Rb2 52.Kf1  1-0

[Event "1st Hofheim Open"]
[Site "Hofheim GER"]
[Date "2013.04.06"]
[Round "8.32"]
[White "Brandl,L"]
[Black "Schaefer,Annabelle"]
[Result "1/2-1/2"]
[WhiteElo "1691"]
[BlackElo "1955"]

1.d4 Nf6 2.c4 g6 3.Nc3 Bg7 4.e4 d6 5.Nf3 O-O 6.Be2 e5 7.O-O Nc6 8.d5 Ne7
9.Nd2 Nd7 10.b4 f5 11.a4 a6 12.Ba3 a5 13.bxa5 Rxa5 14.Nb3 Ra8 15.c5 dxc5
16.Nxc5 Nxc5 17.Bxc5 b6 18.Bb4 Kh8  1/2-1/2

[Event "Asian Juniors 2013"]
[Site "Sharjah UAE"]
[Date "2013.04.06"]
[Round "8.6"]
[White "Kowsarinia,A"]
[Black "Sattarov,B"]
[Result "1-0"]
[WhiteElo "2301"]
[BlackElo "2187"]

1.Nf3 Nf6 2.c4 g6 3.Nc3 Bg7 4.e4 d6 5.d4 O-O 6.Be2 e5 7.O-O Nc6 8.d5 Ne7
9.Ne1 Nd7 10.f3 f5 11.g4 Kh8 12.h4 Nf6 13.Nd3 c6 14.Be3 b5 15.g5 Nh5 16.cxb5 cxd5
17.exd5 Ng3 18.f4 Nxf1 19.Bxf1 Bb7 20.Bg2 Nc8 21.Bf2 Re8 22.Nb4 e4 23.Be3 Nb6
24.Bf1 Nd7 25.Nc6 Qc7 26.Rc1 Nc5 27.b4 Nd3 28.Bxd3 exd3 29.Qxd3 Qf7 30.Bd4 Kg8
31.a4 Bc8 32.a5 h6 33.Kg2 Bf8 34.Bf6 Qh7 35.Qd4 hxg5 36.hxg5 Qh5 37.Rh1 Qg4+
38.Kf2 Re4 39.Rh8+ Kf7 40.Nxe4 Qxf4+ 41.Kg1 fxe4 42.Qf2 Qg4+ 43.Kh2 Bf5 44.Rh4 Qd1
45.Bd4 Re8 46.Rf4 Kg8 47.Rxf5 Qh5+ 48.Kg3 gxf5 49.Qxf5 e3 50.Qh3 Qg6 51.Qh8+ Kf7
52.Qf6+ Qxf6 53.gxf6 e2 54.Bf2 Bh6 55.Be1 Be3 56.Kf3 Bg1 57.Kg2 Be3 58.Bc3 e1=Q
59.Bxe1 Kxf6 60.Bf2 Bf4 61.Kf3 Kf5 62.Bxa7 Rh8 63.b6 Rh3+ 64.Ke2 Ke4 65.b7 Rh2+
66.Bf2 Be3 67.b8=Q Rxf2+ 68.Ke1 Rg2 69.Qf8 Rg1+ 70.Ke2 Rg2+ 71.Kd1 Rd2+ 72.Ke1 Rg2
73.b5 Kxd5  1-0

[Event "TCh-CRO II Liga 2013"]
[Site "Split CRO"]
[Date "2013.04.07"]
[Round "3.5"]
[White "Glavicic,D"]
[Black "Dzaja,M"]
[Result "1-0"]
[WhiteElo "1975"]
[BlackElo "1958"]

1.d4 Nf6 2.c4 g6 3.Nc3 Bg7 4.e4 d6 5.Be2 O-O 6.Nf3 e5 7.O-O Nc6 8.dxe5 dxe5
9.Qxd8 Rxd8 10.Bg5 Be6 11.Nd5 Bxd5 12.cxd5 Nd4 13.Nxd4 exd4 14.f3 h6 15.Bh4 g5
16.Bf2 c5 17.dxc6 d3 18.Bd1 bxc6 19.Ba4 Nh5 20.g3 Bxb2 21.Rab1 Bd4 22.Bxc6 Rac8
23.Bd5 Bxf2+ 24.Rxf2 Nf6 25.Bb3 Rc7 26.Rd1 Rd4 27.Rfd2 g4 28.e5 Nd7 29.e6 Nc5
30.exf7+ Kf8 31.fxg4 a5 32.Re1 Nxb3 33.axb3 Rc2 34.Red1 Rc3 35.Ra1 Rc5 36.Rad1 Rc3
37.Ra1 Rd5 38.Rb1 Rb5 39.Kf2 Rbxb3 40.Rxb3 Rxb3 41.Ke3 Kxf7 42.Rxd3 Rxd3+
43.Kxd3 Kf6 44.h4 Ke5 45.Kc4 Ke4 46.Kb5 Kf3 47.g5 h5 48.g6 Kxg3 49.g7 Kxh4
50.g8=Q Kh3 51.Qg5 h4 52.Kxa5  1-0

[Event "FSGM April 2013"]
[Site "Budapest HUN"]
[Date "2013.04.08"]
[Round "3.5"]
[White "Csonka,B"]
[Black "Zhou,Y"]
[Result "1/2-1/2"]
[WhiteElo "2326"]
[BlackElo "2442"]

1.d4 Nf6 2.c4 g6 3.Nc3 Bg7 4.e4 O-O 5.Nf3 d6 6.Be2 e5 7.O-O Nc6 8.d5 Ne7
9.b4 a5 10.Ba3 axb4 11.Bxb4 b6 12.a4 Re8 13.Qb3 c5 14.Ba3 Rf8 15.Rfb1 Ra6
16.Bc1 Ne8 17.Bd2 h6 18.Ra2 f5 19.Rba1 g5 20.Bd3 f4 21.a5 bxa5 22.Nd1 g4
23.Ne1 Ng6 24.Rxa5 Rxa5 25.Rxa5 Qe7 26.Ra8 Bd7 27.Bc2 Rf7 28.Qb8  1/2-1/2

[Event "23rd ch-SLO 2013"]
[Site "Sentjur SLO"]
[Date "2013.04.08"]
[Round "4.32"]
[White "Bajc,Aleksander"]
[Black "Petauer,Eva"]
[Result "1/2-1/2"]
[WhiteElo "1587"]
[BlackElo "1576"]

1.d4 Nf6 2.c4 g6 3.Nc3 Bg7 4.e4 d6 5.Nf3 O-O 6.Be2 e5 7.O-O Nc6 8.d5 Ne7
9.b4 Ne8 10.Ne1 f5 11.f3 f4 12.c5 g5 13.Nd3 Nf6 14.Bb2 Rf7 15.Rc1 Bf8 16.Nb5 Ng6
17.Kh1 g4 18.Qe1 Rg7 19.Rg1 g3 20.hxg3 fxg3 21.Qxg3 Nf4 22.Qf2 N6h5 23.g4 Nh3
24.Qh2 Nxg1 25.Rxg1 Nf6 26.Nf2 a5 27.g5 Ne8 28.f4 axb4 29.Bc4 b6  1/2-1/2

[Event "4th LUCOPEN 2013"]
[Site "Lille FRA"]
[Date "2013.04.14"]
[Round "2.45"]
[White "Hirschmann,G"]
[Black "Feys,Y"]
[Result "0-1"]
[WhiteElo "1770"]
[BlackElo "1934"]

1.d4 Nf6 2.c4 g6 3.Nc3 Bg7 4.e4 d6 5.Nf3 O-O 6.Be2 e5 7.O-O Nc6 8.Bg5 h6
9.Bd2 exd4 10.Nb5 Nxe4 11.Bf4 Bg4 12.Bd3 Nc5 13.Be2 Ne6 14.Bg3 a6 15.Na3 Ng5
16.Ne1 Bxe2 17.Qxe2 Re8 18.Qd3 Ne6 19.Nac2 Ne5 20.Qb3 Nc5 21.Qb4 a5 22.Qd2 Nxc4  0-1

[Event "77th ch-BUL 2013"]
[Site "Bankya BUL"]
[Date "2013.04.21"]
[Round "7.1"]
[White "Enchev,I"]
[Black "Vutov,M"]
[Result "1-0"]
[WhiteElo "2451"]
[BlackElo "2362"]

1.d4 Nf6 2.c4 g6 3.Nc3 Bg7 4.e4 d6 5.Nf3 O-O 6.Be2 e5 7.O-O Nc6 8.d5 Ne7
9.Ne1 Nd7 10.f3 f5 11.g4 Kh8 12.h4 Ng8 13.g5 f4 14.Kg2 Ndf6 15.gxf6 Bxf6
16.Rh1 Bxh4 17.Kf1 h5 18.Bd3 Rf7 19.Ke2 Rh7 20.Kd2 g5 21.Be2 a6 22.a4 Bf2
23.Nd3 Bd4 24.Kc2 Nf6 25.Bd2 c5 26.Bf1 g4 27.Nxf4 exf4 28.Bxf4 Qe7 29.Bd3 Be5
30.Bxe5 Qxe5 31.f4 Qxf4 32.e5 Qxe5 33.Bxh7 Kxh7 34.Qd2 Bf5+ 35.Kb3 Kg6 36.Ne2 Rh8
37.Rae1 Ne4 38.Qe3 h4 39.Rhf1 h3 40.Nf4+ Kf6 41.Nd3 Qd4 42.Rxf5+ Kg6 43.Qxd4 cxd4
44.Rf4 Nd2+ 45.Kc2 Nf3 46.Rxg4+ Kh5 47.Ree4 h2 48.Nf2 d3+ 49.Kd1 Rf8 50.Ref4 Re8
51.Rxf3 h1=Q+ 52.Nxh1 Kxg4 53.Rxd3  1-0

[Event "48th Capablanca Open II 2013"]
[Site "Havana CUB"]
[Date "2013.04.22"]
[Round "2.1"]
[White "Munoz,S"]
[Black "Echevarria Del Toro,Vladimir"]
[Result "1-0"]
[WhiteElo "2051"]
[BlackElo "2145"]

1.d4 Nf6 2.Nf3 g6 3.c4 Bg7 4.Nc3 O-O 5.e4 d6 6.Be2 e5 7.O-O Nc6 8.d5 Ne7
9.Ne1 Ne8 10.f3 f5 11.g4 Nf6 12.Nd3 c6 13.Be3 Kh8 14.h3 b5 15.c5 cxd5 16.cxd6 d4
17.dxe7 Qxe7 18.Bf2 dxc3 19.Bc5 Qc7 20.Bxf8 Bxf8 21.Qb3 cxb2 22.Qxb2 Bc5+
23.Nxc5 Qxc5+ 24.Kh1 fxe4 25.f4 Qe3 26.Kh2 Qd4 27.Rab1 Nd5 28.Rfd1 Qxb2 29.Rxb2 Be6
30.fxe5 a6 31.Rc1 Nb6 32.Rd2 Nc4 33.Rd4 e3 34.Rc3 Ra7 35.a3 Kg7 36.Bxc4 bxc4
37.Rxe3 Rc7 38.Rc3 Kf7 39.Kg3 Ke7 40.Kf4 h6 41.Rd6 a5 42.Ra6 Rc5 43.Ra7+ Kf8
44.Rh7 Kg8 45.Re7 Rc6 46.Ke4 Kf8 47.Ra7 Rc5 48.Rf3+ Kg8 49.Rf6 c3 50.Rxe6 Rc8
51.Ree7 c2 52.Rg7+  1-0

[Event "ch-SRB 2013"]
[Site "Vrnjacka Banja SRB"]
[Date "2013.04.23"]
[Round "9.5"]
[White "Sedlak,N"]
[Black "Popovic,Du"]
[Result "1/2-1/2"]
[WhiteElo "2577"]
[BlackElo "2558"]

1.d4 Nf6 2.c4 g6 3.Nc3 Bg7 4.e4 d6 5.Be2 O-O 6.Nf3 e5 7.O-O Nc6 8.d5 Ne7
9.Bg5 Nh5 10.Ne1 Nf4 11.Nd3 Nxe2+ 12.Qxe2 h6 13.Bxe7 Qxe7 14.b4 f5 15.c5 h5
16.a4 Bh6 17.a5 fxe4 18.Nxe4  1/2-1/2

[Event "Zonal 2.5 2013"]
[Site "Montevideo URU"]
[Date "2013.04.25"]
[Round "9.8"]
[White "Mesias Rojas,R"]
[Black "Arcos Facio,M"]
[Result "0-1"]
[WhiteElo "2213"]
[BlackElo "2185"]

1.d4 g6 2.c4 Bg7 3.Nf3 Nf6 4.Nc3 O-O 5.e4 d6 6.Be2 e5 7.O-O Nc6 8.d5 Ne7
9.b4 Ne8 10.c5 f5 11.Nd2 Nf6 12.f3 f4 13.Nc4 g5 14.a4 h5 15.Ba3 Ng6 16.b5 dxc5
17.Bxc5 Rf7 18.a5 g4 19.b6 g3 20.Kh1 Bf8 21.Bg1 Nh4 22.Re1 Nxg2 23.Kxg2 Rg7
24.Be3 Qd7  0-1

[Event "48th Capablanca Open II 2013"]
[Site "Havana CUB"]
[Date "2013.04.27"]
[Round "6.2"]
[White "Martinez Ramirez,L"]
[Black "Docampo Beltran,Dexter"]
[Result "1-0"]
[WhiteElo "2251"]
[BlackElo "2204"]

1.d4 Nf6 2.c4 g6 3.Nc3 Bg7 4.e4 d6 5.Nf3 O-O 6.Be2 e5 7.O-O Nc6 8.d5 Ne7
9.Nd2 Ne8 10.b4 f5 11.f3 f4 12.c5 g5 13.Nc4 h5 14.Bd2 Rf6 15.Be1 Rg6 16.g4 fxg3
17.hxg3 g4 18.fxg4 hxg4 19.Kg2 Nf6 20.Bf2 Nh5 21.Be3 b6 22.cxd6 cxd6 23.Rc1 Bh6
24.Qd2 Bg7 25.Nb5 Ba6 26.Nc7 Qxc7 27.Nxe5 Qd8 28.Nxg6 Bxe2 29.Qxe2 Nxg6 30.Qxg4 Qe8
31.Rc7 Ne5 32.Qf5 Nd3 33.g4  1-0